Nature cure for common diseases / (Record no. 129494)

MARC details
000 -LEADER
fixed length control field 00598nam a22002177a 4500
005 - DATE AND TIME OF LATEST TRANSACTION
control field 20170124110056.0
010 ## - LIBRARY OF CONGRESS CONTROL NUMBER
LC control number A-028653
020 ## - INTERNATIONAL STANDARD BOOK NUMBER
Terms of availability 00.00
035 ## - SYSTEM CONTROL NUMBER
System control number A-028653
037 ## - SOURCE OF ACQUISITION
Source of stock number/acquisition Cen Lib/Ret
040 ## - CATALOGING SOURCE
Original cataloging agency DPL
Language of cataloging EN
082 ## - DEWEY DECIMAL CLASSIFICATION NUMBER
Classification number 615.85
Item number MOD
100 ## - MAIN ENTRY--PERSONAL NAME
Personal name Modi, Vithaldas
9 (RLIN) 26531
245 ## - TITLE STATEMENT
Title Nature cure for common diseases /
Statement of responsibility, etc by Vithaldas Modi
260 ## - PUBLICATION, DISTRIBUTION, ETC. (IMPRINT)
Place of publication, distribution, etc New Delhi
Name of publisher, distributor, etc Vision Books
Date of publication, distribution, etc 1980
270 ## - ADDRESS
City New Delhi
Address G.T. road Shahdra
Postal code 110032
300 ## - PHYSICAL DESCRIPTION
Extent 192p.
Dimensions 17m(Hb)
650 ## - SUBJECT ADDED ENTRY--TOPICAL TERM
Topical term or geographic name as entry element Diseases
9 (RLIN) 14215
650 ## - SUBJECT ADDED ENTRY--TOPICAL TERM
Topical term or geographic name as entry element Cure
9 (RLIN) 26532
942 ## - ADDED ENTRY ELEMENTS (KOHA)
Source of classification or shelving scheme Dewey Decimal Classification
Koha item type English Books
Classification part 615.85
Call number suffix MOD
Holdings
Withdrawn status Lost status Damaged status Not for loan Home library Current library Date acquired Source of acquisition Cost, normal purchase price Total Checkouts Full call number Barcode Date last seen Copy number Cost, replacement price Price effective from Koha item type
        Central Library Central Library 06/07/2015 Cen Lib/Ret 0.00   615.85 MOD A-028653 06/07/2015 1 0.00 06/07/2015 English Books

© Delhi Public Library
Hit Counter
free hit counter